LEADER 01834nam a2200277 i 4500 001 000000027914 003 CaOOAMICUS 005 20250128083111.0 008 180830s1683 it u000 u lat u 040 $aSeMil$bita 100 1 $aBonacina, Martino,$c.$0(OLS)http://semarc/name/6147 245 10$aMartini Bonacinae Mediolanensis, ... Opera omnia. In tres tomos distributa; quorum priores duo nonnullis tractatibus, queis hactenus caruerant, et innumeris subinde accessionibus, .. 246 0 $iTit. in occhietto$aMartini Bonacinae mediolanensis Opera omnia 250 $aHaec nouissima editio a multis mendis expurgata continet omnes additiones, quae factae fuerunt ab auctore, ... 260 $aMediolani :$bApud Franciscum Vigonum, in foro piscario veteri,$c1683. 300 $a3 v. ;$cfol. 500 $aCors. ; rom. 500 $aFregi, iniz. xilogr. 700 1 $aVigone, Francesco,$c.$0(OLS)http://semarc/name/12716 774 0 $t[Tomus primus].$g1$w()50433 774 0 $tTomus secundus. In quo de legibus, deque decalogi, et ecclesiae praeceptis, itemque de restitutione, & contractibus accuratè differitur ..$g2$w()218067 774 0 $tTomus tertius. De censuris omnibus ecclesiasticis in particulari, in quo non solum de censuris in Bullae Coenae ... additis suo quoque loco propositionibus hactenus damnatis.$g3$w()218068 996 $6245$aMartini Bonacinae Mediolanensis, ... Opera omnia. In tres tomos distributa; quorum priores duo nonnullis tractatibus, queis hactenus caruerant, et innumeris subinde accessionibus, ..$9(OLS)http://semarc/title/37837 996 $6246$aMartini Bonacinae mediolanensis Opera omnia$9(OLS)http://semarc/title/37838 996 $6260$aMediolani :$bApud Franciscum Vigonum, in foro piscario veteri$9(OLS)http://semarc/publisher/37522 LEADER 01101nam a2200253 i 4500 001 000000187268 003 CaOOAMICUS 005 20150309000000.0 008 150309n it u000 u ita u 013 $a165333 040 $aSeMil$bita 245 13$aLo studio dell'antichità classica nell'Ottocento /$ca cura di Piero Treves. 260 $aMilano ; Napoli :$bRiccardo Ricciardi,$cstampa 1962. 300 $aXLVI, 1293 p. ;$c23 cm. 490 0 $aLa letteratura italiana : storia e testi ;$vVolume72 500 $aIn custodia. - Fondo card. Giovanni Colombo. 700 1 $aTreves, Piero,$d<1911-1992>.$0(OLS)http://semarc/name/55855 830 3$aLa letteratura italiana : storia e testi ;$vVolume72.$0(OLS)http://semarc/title/220 850 $aSeMil 852 $aSeMil$W1$xVenegono$y1$m3GC VII 188$j137955$B137955$CSeMilBibl$Z2$F149426 $8B 941 1 $a3 961 $aLascito: Colombo Card. Giovanni 996 $6245$aLo studio dell'antichità classica nell'Ottocento$9(OLS)http://semarc/title/196350 996 $6260$aMilano ; Napoli :$bRiccardo Ricciardi$9(OLS)http://semarc/publisher/34184 LEADER 00975nam a2200217 i 4500 001 000000063474 003 CaOOAMICUS 005 20100419000000.0 008 100419s1968 it u000 u ita u 013 $a34646 040 $aSeMil$bita 100 1 $aComunità dell'Isolotto .$0(OLS)http://semarc/name/32080 245 10$aIncontro a Gesù :$bguida per la iniziazione dei ragazzi al mistero di Cristo /$cComunità dell'Isolotto. 260 $aFirenze :$bLibreria editrice fiorentina,$cstampa 1968. 300 $a86 p. ;$c21 cm. 650 4$aCatechismo - Manuali e sussidi.$0(OLS)http://semarc/subject/253 850 $aSeMil 852 $aSeMil$W1$xVenegono$y1$m2F III 147$j29627$B29627$CSeMilBibl$Z2$F29630 $81 961 $aOmaggio: Donazione 996 $6245$aIncontro a Gesù :$bguida per la iniziazione dei ragazzi al mistero di Cristo$9(OLS)http://semarc/title/100279 996 $6260$aFirenze :$bLibreria editrice fiorentina$9(OLS)http://semarc/publisher/29690